| 000 | 01083cam a22003375a 4500 | ||
|---|---|---|---|
| 001 | 13277821 | ||
| 005 | 20150810124814.0 | ||
| 008 | 030716t2006 maua frb 001 0 eng d | ||
| 010 | _a 2003110136 | ||
| 020 | _a0618379835 | ||
| 035 | _a(DLC) 2003110136 | ||
| 040 |
_aEG-ScBUE _beng _cEG-ScBUE |
||
| 042 | _apcc | ||
| 050 | 0 | 0 |
_aHB74.5 _b.G734 2006 |
| 082 | 0 | 4 |
_a330.072 _222 _bGRE |
| 100 | 1 | _aGreenlaw, Steven A. | |
| 245 | 1 | 0 |
_aDoing economics : _ba guide to understanding and carrying out economic research / _cSteven A. Greenlaw. |
| 260 |
_aBoston, Massachusetts : _bHoughton Mifflin Company, _cc.2006. |
||
| 300 |
_axiii, 289 p. ; _c21 cm. |
||
| 500 | _aIndex : p. 277-289 | ||
| 504 | _aBibliography : p. 273-276. | ||
| 590 | _ayassmeen ashraf | ||
| 650 | 0 |
_aEconomics _xResearch. _2BUEsh |
|
| 650 | 0 |
_aEconomics _xMethodology. _2BUEsh |
|
| 650 | 0 |
_aEconomics _xAuthorship. _2BUEsh |
|
| 650 | 0 |
_aAcademic writing. _2BUEsh |
|
| 651 | _2BUEsh | ||
| 653 |
_bBUSECO _cAugust2015 |
||
| 942 |
_2ddc _cBB |
||
| 999 |
_c10220 _d10220 |
||